<?xml version="1.0" encoding="UTF-8"?>
<record
    xmlns:xsi="http://www.w3.org/2001/XMLSchema-instance"
    xsi:schemaLocation="http://www.loc.gov/MARC21/slim http://www.loc.gov/standards/marcxml/schema/MARC21slim.xsd"
    xmlns="http://www.loc.gov/MARC21/slim">

  <leader>01250nam a22001817a 4500</leader>
  <controlfield tag="008">140411b        xxu||||| |||| 00| 0 eng d</controlfield>
  <datafield tag="020" ind1=" " ind2=" ">
    <subfield code="a">9780324381320</subfield>
  </datafield>
  <datafield tag="050" ind1=" " ind2=" ">
    <subfield code="a">HD62.15.D4</subfield>
  </datafield>
  <datafield tag="100" ind1=" " ind2=" ">
    <subfield code="a">Evans, James R.</subfield>
  </datafield>
  <datafield tag="245" ind1=" " ind2=" ">
    <subfield code="a">Quality and performance excellence:management and strategy. /</subfield>
    <subfield code="c">James R.Evans</subfield>
  </datafield>
  <datafield tag="250" ind1=" " ind2=" ">
    <subfield code="a">5th ed.</subfield>
  </datafield>
  <datafield tag="260" ind1=" " ind2=" ">
    <subfield code="a">USA:</subfield>
    <subfield code="b">Thomson,South -Western,</subfield>
    <subfield code="c">2008.</subfield>
  </datafield>
  <datafield tag="300" ind1=" " ind2=" ">
    <subfield code="a">X,502 p.:</subfield>
    <subfield code="b">ills and diagrams</subfield>
    <subfield code="c">23cm.</subfield>
  </datafield>
  <datafield tag="500" ind1=" " ind2=" ">
    <subfield code="a">Includes index and bibiliography</subfield>
  </datafield>
  <datafield tag="505" ind1=" " ind2=" ">
    <subfield code="a">Contents: Foundations of quality and performance excellence: Introduction to quality and performance excellence: Framework for organizational quality: Performance excellence,competitive advantage, and strategic management -- Performance excellence and organization theory: Quality in customer-supplier relationships -- Designing organizations for performance excellence: Designing,controlling, and improving organizational processes -- Tools and techniques for performance excellence -- Performance excellence and Organizational behavior: Quality teamwork -- Engagements, empowerment, and motivation -- Leadership and performance excellence: Performance excellence and organizational change.</subfield>
  </datafield>
  <datafield tag="650" ind1=" " ind2=" ">
    <subfield code="a">Quality and Performance Excellence</subfield>
  </datafield>
  <datafield tag="942" ind1=" " ind2=" ">
    <subfield code="2">lcc</subfield>
    <subfield code="c">BK</subfield>
  </datafield>
  <datafield tag="999" ind1=" " ind2=" ">
    <subfield code="c">2848</subfield>
    <subfield code="d">10348</subfield>
  </datafield>
  <datafield tag="952" ind1=" " ind2=" ">
    <subfield code="0">0</subfield>
    <subfield code="1">0</subfield>
    <subfield code="2">lcc</subfield>
    <subfield code="4">0</subfield>
    <subfield code="7">0</subfield>
    <subfield code="a">WIUC-1</subfield>
    <subfield code="b">WIUC-1</subfield>
    <subfield code="c">CC</subfield>
    <subfield code="d">2014-04-11</subfield>
    <subfield code="l">0</subfield>
    <subfield code="o">HD62.15 .D4</subfield>
    <subfield code="p">858/049/13</subfield>
    <subfield code="r">2014-04-11 00:00:00</subfield>
    <subfield code="t">1</subfield>
    <subfield code="w">2014-04-11</subfield>
    <subfield code="y">BK</subfield>
  </datafield>
</record>
